|
|
|
|
| LEADER |
00000nbm0a2200000 4500 |
| 001 |
132658 |
| 005 |
20231031135038.0 |
| 035 |
|
|
|a (RuTPU)RU\TPU\book\143641
|
| 090 |
|
|
|a 132658
|
| 100 |
|
|
|a 20080305d1972 k y0rusy50 ca
|
| 101 |
0 |
|
|a rus
|
| 102 |
|
|
|a RU
|
| 105 |
|
|
|a a m 001zy
|
| 200 |
1 |
|
|a Исследование кинетики термической деструкции некоторых групповых составляющих торфа
|e Диссертация на соискание ученой степени кандидата технических наук
|f В. М. Икрин
|g Томский политехнический институт ; науч. рук. С. И. Смольянинов
|
| 210 |
|
|
|a Томск
|d 1972
|
| 215 |
|
|
|a 143 л.
|c ил.
|
| 320 |
|
|
|a Библиогр.: с. 136-142 (106 назв.)
|
| 610 |
1 |
|
|a диссертации
|
| 610 |
1 |
|
|a торф
|
| 610 |
1 |
|
|a термическая деструкция
|
| 610 |
1 |
|
|a кинетика
|
| 610 |
1 |
|
|a исследование
|
| 610 |
1 |
|
|a химическая переработка
|
| 610 |
1 |
|
|a твердые горючие ископаемые
|
| 610 |
1 |
|
|a твердое топливо
|
| 610 |
1 |
|
|a разложение
|
| 675 |
|
|
|a 662.64(04)
|v 3
|
| 700 |
|
1 |
|a Икрин
|b В. М.
|
| 702 |
|
1 |
|a Смольянинов
|b С. И.
|c российский химик-технолог
|c профессор Томского политехнического университета
|f 1925-1991
|g Станислав Иванович
|2 stltpush
|3 (RuTPU)RU\TPU\pers\15849
|4 727
|
| 712 |
0 |
2 |
|a Томский политехнический институт
|z 1944-1991
|2 stltpush
|3 (RuTPU)RU\TPU\col\1123
|
| 801 |
|
1 |
|a RU
|b 63413507
|c 20080305
|g PSBO
|
| 801 |
|
2 |
|a RU
|b 63413507
|c 20110929
|g RCR
|
| 942 |
|
|
|c BK
|